Định hướng phát triển ngoại thương trên địa bàn Tp. Hồ Chí Minh đến năm 2010

Cơ sở lý luận về hoạt động ngoại thương, phân tích hiện trạng hoạt động ngoại thương của T.p.Hồ Chí Minh và định hướng phát triển đến năm 2010.

Spremljeno u:
Bibliografski detalji
Glavni autor: Ngô, Thị Ngọc Huyền
Format: Knjiga
Jezik:Undetermined
Izdano: Hà Nội Thống kê 2000
Teme:
Oznake: Dodaj oznaku
Bez oznaka, Budi prvi tko označuje ovaj zapis!
Thư viện lưu trữ: Trung tâm Học liệu Trường Đại học Cần Thơ
LEADER 00893nam a2200205Ia 4500
001 CTU_39211
008 210402s9999 xx 000 0 und d
020 |c 21000 
082 |a 382.095 
082 |b H527 
100 |a Ngô, Thị Ngọc Huyền 
245 0 |a Định hướng phát triển ngoại thương trên địa bàn Tp. Hồ Chí Minh đến năm 2010 
245 0 |c Ngô Thị Ngọc Huyền 
260 |a Hà Nội 
260 |b Thống kê 
260 |c 2000 
520 |a Cơ sở lý luận về hoạt động ngoại thương, phân tích hiện trạng hoạt động ngoại thương của T.p.Hồ Chí Minh và định hướng phát triển đến năm 2010. 
650 |a International economic relations 
904 |i Nguyễn Quang Điền 
980 |a Trung tâm Học liệu Trường Đại học Cần Thơ